[Event "North Devon op"]
[Site "Barnstaple"]
[Date "1971.10.02"]
[Round "3"]
[White "Walker, MA"]
[Black "Botterill, George Steven"]
[Result "1/2-1/2"]
[WhiteElo "1880"]
[BlackElo "2408"]
[PlyCount "89"]
[EventDate "1971.10.01"]
[EventType "swiss"]
[EventRounds "5"]
[EventCountry "ENG"]

1. d4 Nf6 2. c4 g6 3. Nc3 Bg7 4. e4 d6 5. Be2 O-O 6. Bg5 c5 7. d5 h6 8. Be3 a6
9. Qd2 Kh7 10. a4 Qa5 11. h3 Nbd7 12. Ra2 Re8 13. Nf3 e6 14. O-O exd5 15. exd5
Qc7 16. Bd3 Ne5 17. Nxe5 Rxe5 18. Bf4 Re8 19. a5 Bd7 20. Rb1 b6 21. axb6 Qxb6
22. Na4 Bxa4 23. Rxa4 a5 24. Be3 Nd7 25. b4 Rxe3 26. bxa5 Rxd3 27. axb6 Rxd2
28. Rxa8 Nxb6 29. Rxb6 Bd4 30. Kf1 Rxf2+ 31. Ke1 Rf6 32. Ra3 g5 33. Rf3 Rxf3
34. gxf3 Be5 35. Rb7 Kg6 36. Kf2 f6 37. Kg2 h5 38. Rb8 Kf5 39. h4 gxh4 40. Rh8
Kf4 41. Rxh5 Ke3 42. Rxh4 Kd3 43. f4 Bd4 44. Kf3 Kxc4 45. Ke4 1/2-1/2

[Event "North Devon op"]
[Site "Barnstaple"]
[Date "1971.10.03"]
[Round "4"]
[White "Bellin, Robert"]
[Black "Stenhouse, Iain"]
[Result "1-0"]
[WhiteElo "2304"]
[BlackElo "1872"]
[PlyCount "89"]
[EventDate "1971.10.01"]
[EventType "swiss"]
[EventRounds "5"]
[EventCountry "ENG"]

1. e4 Nf6 2. e5 Nd5 3. c4 Nb6 4. c5 Nd5 5. Bc4 e6 6. Nc3 Nxc3 7. dxc3 Bxc5 8.
Qg4 Rg8 9. Bf4 d5 10. Bd3 g6 11. h4 f5 12. Qg3 Be7 13. Nf3 c5 14. Bh6 Nc6 15.
Ng5 Qc7 16. f4 Bf8 17. Bxf8 Kxf8 18. Qf2 b6 19. O-O-O a5 20. Rdg1 h6 21. Nf3 a4
22. Bc2 d4 23. cxd4 Nb4 24. a3 cxd4 25. Qd2 Nxc2 26. Qxc2 Qxc2+ 27. Kxc2 Bb7
28. Nxd4 Rc8+ 29. Kd2 Ke7 30. Ke3 Rc5 31. Rh2 Rd8 32. g3 Rc4 33. Rd2 Rd5 34.
Rgd1 g5 35. hxg5 hxg5 36. Nxf5+ exf5 37. Rxd5 gxf4+ 38. gxf4 Re4+ 39. Kf3 Bxd5
40. Rxd5 Re1 41. Rb5 Rf1+ 42. Ke3 Ke6 43. Rxb6+ Kd5 44. Rb5+ Kc6 45. Rb4 1-0

[Event "North Devon op"]
[Site "Barnstaple"]
[Date "1971.10.03"]
[Round "4"]
[White "Bennett, Gerald H"]
[Black "Griffiths, Peter Charles"]
[Result "1-0"]
[WhiteElo "2240"]
[BlackElo "2240"]
[PlyCount "73"]
[EventDate "1971.10.01"]
[EventType "swiss"]
[EventRounds "5"]
[EventCountry "ENG"]

1. e4 e5 2. Nf3 Nc6 3. Bb5 a6 4. Ba4 d6 5. Bxc6+ bxc6 6. d4 exd4 7. Nxd4 c5 8.
Nb3 g6 9. O-O Bg7 10. Nc3 Ne7 11. Be3 O-O 12. Qd2 a5 13. Bh6 Nc6 14. Bxg7 Kxg7
15. Nd5 a4 16. Qc3+ f6 17. Nd2 Nd4 18. Rfe1 c6 19. Nf4 Qc7 20. Ne2 Nxe2+ 21.
Rxe2 Re8 22. Rae1 Be6 23. f4 Qa5 24. Qg3 Rad8 25. Nf3 Qb4 26. c3 Qc4 27. Nh4
Qxa2 28. f5 Bf7 29. fxg6 hxg6 30. Nf5+ Kf8 31. Nxd6 Re5 32. Nxf7 Kxf7 33. Rf2
Rde8 34. Ref1 R8e6 35. Qh4 Kg7 36. Rxf6 Re7 37. Rf8 1-0

[Event "North Devon op"]
[Site "Barnstaple"]
[Date "1971.10.03"]
[Round "4"]
[White "Botterill, George Steven"]
[Black "Taylor, Robert Graham"]
[Result "1-0"]
[WhiteElo "2408"]
[BlackElo "2080"]
[PlyCount "95"]
[EventDate "1971.10.01"]
[EventType "swiss"]
[EventRounds "5"]
[EventCountry "ENG"]

1. e4 c5 2. Nf3 Nc6 3. d4 cxd4 4. Nxd4 e6 5. Nb5 d6 6. c4 a6 7. N5c3 Nf6 8. Be2
Be7 9. O-O O-O 10. Na3 Qc7 11. Bf4 b6 12. Rc1 Bd7 13. Qd2 Rfd8 14. Rfd1 Be8 15.
f3 Na7 16. Kh1 Qb7 17. Be3 Rac8 18. Qe1 Rc7 19. Qf2 Nc8 20. Qf1 Bc6 21. Nc2 Bd7
22. Nd4 Na7 23. b4 Rb8 24. Nb3 Qc8 25. c5 dxc5 26. Bxa6 Qf8 27. Bf4 Rbc8 28.
Bxc8 Rxc8 29. bxc5 bxc5 30. e5 Nd5 31. Nxd5 exd5 32. Rxd5 Bc6 33. Rd2 Bb5 34.
Qf2 c4 35. Nd4 c3 36. Rdc2 Ba3 37. Rxc3 Bxc1 38. Rxc1 Rxc1+ 39. Bxc1 Qc8 40.
Be3 Bd7 41. Qc2 Qb7 42. Nb3 Nc6 43. Qe4 Qb5 44. Nc5 Bc8 45. a4 Qf1+ 46. Bg1 Ne7
47. Qd4 Nc6 48. Qd5 1-0

[Event "North Devon op"]
[Site "Barnstaple"]
[Date "1971.10.03"]
[Round "4"]
[White "Bulford, Michael J"]
[Black "Crombleholme, Alan"]
[Result "0-1"]
[WhiteElo "2168"]
[BlackElo "2144"]
[PlyCount "86"]
[EventDate "1971.10.01"]
[EventType "swiss"]
[EventRounds "5"]
[EventCountry "ENG"]

1. e4 c5 2. Nf3 Nc6 3. d4 cxd4 4. Nxd4 Nf6 5. Nc3 d6 6. Bc4 Qb6 7. Nb3 Bg4 8.
Nd5 Bxd1 9. Nxb6 axb6 10. Kxd1 Nxe4 11. Be3 Nc5 12. Nd4 d5 13. Nb5 O-O-O 14.
Be2 d4 15. Bd2 g6 16. a4 Bg7 17. a5 Ne4 18. Be1 bxa5 19. Bd3 f5 20. f3 Nc5 21.
Bxa5 Nxd3 22. Bxd8 Nxb2+ 23. Kc1 d3 24. c3 Nc4 25. Bc7 Bxc3 26. Nxc3 Kxc7 27.
Ra4 Ne3 28. Nd1 b5 29. Ra2 Nc4 30. Nf2 Nb4 31. Ra7+ Kb6 32. Rd7 Ra8 33. Kb1 Ra2
34. Nxd3 Nd2+ 35. Kc1 Nxd3+ 36. Rxd3 Ra1+ 37. Kxd2 Rxh1 38. Ke3 Rxh2 39. Kf2 e5
40. Rd1 Rh4 41. Re1 e4 42. Kg3 g5 43. f4 Rxf4 0-1

[Event "North Devon op"]
[Site "Barnstaple"]
[Date "1971.10.03"]
[Round "4"]
[White "Hutchings, Stuart J"]
[Black "Shaw, AJ"]
[Result "1-0"]
[WhiteElo "2296"]
[BlackElo "1920"]
[PlyCount "139"]
[EventDate "1971.10.01"]
[EventType "swiss"]
[EventRounds "5"]
[EventCountry "ENG"]

1. Nf3 Nf6 2. g3 b6 3. d4 Bb7 4. c4 e6 5. Bg2 Be7 6. Nc3 Ne4 7. Qc2 Nxc3 8.
Qxc3 O-O 9. O-O f5 10. b3 d6 11. Bb2 Nd7 12. Ng5 Bxg5 13. Bxb7 Rb8 14. Bg2 Bf6
15. Qd2 Kh8 16. Bc6 Rf7 17. Rad1 Qg8 18. f4 Rd8 19. Kh1 Nb8 20. Bg2 d5 21. c5
b5 22. Qa5 c6 23. a4 a6 24. axb5 axb5 25. Ra1 Rb7 26. Qa8 Rdd7 27. Ra2 Qc8 28.
Rfa1 h6 29. e3 Kh7 30. Bc3 Bd8 31. Kg1 Kg8 32. Bf3 Kh7 33. Kf1 Re7 34. Qa3 Rec7
35. Ba5 Ra7 36. Qb4 Rcb7 37. Bxd8 Rxa2 38. Rxa2 Qxd8 39. Ra8 Qc7 40. Qa3 Qc8
41. Ke1 Qc7 42. Kd2 g6 43. Kc2 Kg7 44. Kb2 Kf6 45. Qa1 Kg7 46. Kc3 Kf6 47. Kb4
Kf7 48. Be2 Ke7 49. Bd3 Qd7 50. h3 Qc8 51. Kc3 Qc7 52. Kb2 Qd7 53. g4 Qc8 54.
Qe1 Qd7 55. Qh4+ Kf8 56. Qxh6+ Qg7 57. Qg5 Qf7 58. h4 Kg7 59. h5 Qf6 60. h6+
Kf7 61. h7 Qh8 62. Qh6 Kf6 63. Qg5+ Kg7 64. gxf5 Qxh7 65. fxg6 Qh2+ 66. Bc2 Qe2
67. Rxb8 Rxb8 68. Qe5+ Kh6 69. Qxb8 Qxe3 70. Qh8# 1-0

[Event "North Devon op"]
[Site "Barnstaple"]
[Date "1971.10.03"]
[Round "4"]
[White "Lee, RA"]
[Black "Binks, Michael E"]
[Result "0-1"]
[WhiteElo "2112"]
[BlackElo "1992"]
[PlyCount "72"]
[EventDate "1971.10.01"]
[EventType "swiss"]
[EventRounds "5"]
[EventCountry "ENG"]

1. d4 d5 2. c4 e6 3. Nc3 c5 4. cxd5 exd5 5. Nf3 Nc6 6. g3 c4 7. Bg2 Bb4 8. O-O
Nge7 9. Bg5 f6 10. Bf4 g5 11. Bc1 Bf5 12. Ne1 Qd7 13. f3 O-O-O 14. Be3 h5 15.
Bf2 g4 16. Nc2 Ba5 17. Ne3 Be6 18. Qa4 Bb6 19. Nc2 Nf5 20. Nxd5 Bxd5 21. e4
Nfxd4 22. exd5 gxf3 23. Nxd4 fxg2 24. Rfd1 Ne5 25. Nb5 Bxf2+ 26. Kxf2 a6 27.
Nc3 Ng4+ 28. Kg1 Qc7 29. Rd4 Ne5 30. Kxg2 h4 31. Re1 hxg3 32. hxg3 Rdg8 33. Qc2
Rh2+ 34. Kxh2 Nf3+ 35. Kh1 Rh8+ 36. Kg2 Nxe1+ 0-1

[Event "North Devon op"]
[Site "Barnstaple"]
[Date "1971.10.03"]
[Round "4"]
[White "Morley, Andrew J"]
[Black "Wright, Daniel"]
[Result "1/2-1/2"]
[WhiteElo "2008"]
[BlackElo "2352"]
[PlyCount "103"]
[EventDate "1971.10.01"]
[EventType "swiss"]
[EventRounds "5"]
[EventCountry "ENG"]

1. e4 c5 2. f4 e6 3. d3 d5 4. Nd2 Nc6 5. Ngf3 Nf6 6. g3 b6 7. Bg2 Ba6 8. Ne5
Bb7 9. O-O Be7 10. exd5 exd5 11. Ndf3 O-O 12. Ng5 Qc7 13. Ng4 Rad8 14. f5 Nxg4
15. Qxg4 Bxg5 16. Bxg5 f6 17. Bf4 Qf7 18. a3 Rfe8 19. Rae1 Nd4 20. c3 Nc6 21.
Re6 Ne7 22. Rd6 Bc8 23. Rxd8 Rxd8 24. Re1 Bxf5 25. Qe2 Ng6 26. Bd2 Ne5 27. d4
Nd3 28. Qe7 Rd7 29. Qxf7+ Kxf7 30. Rf1 Bg6 31. dxc5 Nxc5 32. Be3 Be4 33. Bh3
Re7 34. Bd4 Bd3 35. Rd1 Bc2 36. Bxc5 Bxd1 37. Bxe7 Kxe7 38. Kf2 Kd6 39. Ke3 Ke5
40. Bg2 g5 41. Bh1 f5 42. h4 gxh4 43. gxh4 Bc2 44. Bf3 Be4 45. Be2 f4+ 46. Kf2
f3 47. Bxf3 Bxf3 48. Kxf3 Kf5 49. b3 h6 50. a4 a6 51. c4 dxc4 52. bxc4 1/2-1/2

[Event "North Devon op"]
[Site "Barnstaple"]
[Date "1971.10.03"]
[Round "4"]
[White "O'Sullivan, Brian F"]
[Black "Walker, MA"]
[Result "1-0"]
[WhiteElo "2024"]
[BlackElo "1880"]
[PlyCount "51"]
[EventDate "1971.10.01"]
[EventType "swiss"]
[EventRounds "5"]
[EventCountry "ENG"]

1. e4 c5 2. Nf3 d6 3. d4 cxd4 4. Nxd4 Nf6 5. Nc3 a6 6. Bc4 e6 7. Bb3 Nc6 8. Be3
Na5 9. Qe2 b5 10. O-O-O Qc7 11. f3 Nxb3+ 12. axb3 Bb7 13. g4 Be7 14. h4 b4 15.
Na4 Nd7 16. g5 Nc5 17. Kb1 Nxa4 18. bxa4 Qa5 19. h5 Qxa4 20. g6 hxg6 21. hxg6
Rxh1 22. Rxh1 Bf6 23. Qc4 d5 24. Qc7 Qd7 25. Rh8+ Ke7 26. Nc6+ 1-0

[Event "North Devon op"]
[Site "Barnstaple"]
[Date "1971.10.03"]
[Round "4"]
[White "Waters, Peter J"]
[Black "Golombek, Harry"]
[Result "1-0"]
[WhiteElo "2184"]
[BlackElo "2232"]
[PlyCount "99"]
[EventDate "1971.10.01"]
[EventType "swiss"]
[EventRounds "5"]
[EventCountry "ENG"]

1. e4 c5 2. Nf3 e6 3. d4 cxd4 4. Nxd4 Nf6 5. Nc3 d6 6. g4 h6 7. Rg1 Nc6 8. Be3
a6 9. h4 g6 10. g5 hxg5 11. hxg5 Nd7 12. Qd2 Qc7 13. f4 Na5 14. f5 Ne5 15. fxe6
fxe6 16. b3 Bd7 17. Nce2 Nac6 18. O-O-O Rc8 19. Nxc6 Bxc6 (19... Nf3) 20. Bg2
Ke7 21. Bb6 Qd7 22. Bc5 dxc5 23. Qf4 Bg7 24. Rxd7+ Nxd7 25. Rd1 Ne5 26. Ng1
Rcd8 27. Rxd8 Rxd8 28. Nf3 Rf8 29. Qg3 Nxf3 30. Bxf3 Rd8 31. e5 Rc8 32. Bxc6
Rxc6 33. Qd3 Bxe5 34. Qxg6 Rc7 35. Qg8 Kd6 36. g6 Bc3 37. Kd1 Rd7 38. Ke2 Kd5
39. Qf8 Bg7 40. c4+ Kc6 41. Qe8 Kd6 42. a4 Re7 43. Qd8+ Rd7 44. Qb6+ Ke5 45.
Qxc5+ Kf6 46. Qc8 Re7 47. Qd8 e5 48. Qb6+ Kf5 49. Qd6 Bf6 50. Qxe7 1-0

[Event "North Devon op"]
[Site "Barnstaple"]
[Date "1971.10.03"]
[Round "4"]
[White "Wood, Baruch Harold"]
[Black "Ingram, Keith R"]
[Result "1-0"]
[WhiteElo "2192"]
[BlackElo "1976"]
[PlyCount "57"]
[EventDate "1971.10.01"]
[EventType "swiss"]
[EventRounds "5"]
[EventCountry "ENG"]

1. d4 f5 2. g3 e6 3. Bg2 Be7 4. Nf3 Nf6 5. O-O O-O 6. c4 d6 7. b3 a5 8. Bb2 Qe8
9. Nbd2 Na6 10. Ne1 Rb8 11. e4 fxe4 12. Nxe4 Qg6 13. Qe2 Nb4 14. a3 Nc6 15. Nd3
Nh5 16. f4 Bf6 17. Nxf6+ Nxf6 18. Rac1 Ne7 19. d5 Nf5 20. Qd2 b6 21. Rfe1 Re8
22. Nf2 h5 23. Ne4 Nxe4 24. Bxe4 Kh8 25. dxe6 Bxe6 26. Re2 Qf7 27. Rce1 Kh7 28.
Qc3 Re7 29. Bxf5+ 1-0

[Event "North Devon op"]
[Site "Barnstaple"]
[Date "1971.10.01"]
[Round "5"]
[White "Binks, Michael E"]
[Black "Bellin, Robert"]
[Result "0-1"]
[WhiteElo "1992"]
[BlackElo "2304"]
[PlyCount "70"]
[EventDate "1971.10.01"]
[EventType "swiss"]
[EventRounds "5"]
[EventCountry "ENG"]

1. d4 Nf6 2. c4 e6 3. g3 c5 4. Nf3 cxd4 5. Nxd4 d5 6. Bg2 e5 7. Nb3 d4 8. O-O
Nc6 9. Bg5 Be7 10. N1d2 O-O 11. Rc1 a5 12. a4 h6 13. Bxf6 Bxf6 14. c5 Be6 15.
Nc4 Bg5 16. f4 exf4 17. gxf4 Bf6 18. Nb6 Rb8 19. Be4 Re8 20. Bd3 Bg4 21. Nd2
Nb4 22. Ne4 Bh4 23. Qb3 Be6 24. Nc4 Bd5 25. Ned6 Re3 26. Qd1 Bg3 27. Nf5 Bxf4
28. Rf2 Qg5+ 29. Kf1 Nxd3 30. Ncxe3 dxe3 31. Qxd3 exf2 32. e4 Qg1+ 33. Ke2 Qxc1
34. Kxf2 Bc4 35. Ne7+ Kf8 0-1

[Event "North Devon op"]
[Site "Barnstaple"]
[Date "1971.10.03"]
[Round "5"]
[White "Crombleholme, Alan"]
[Black "Botterill, George Steven"]
[Result "0-1"]
[WhiteElo "2144"]
[BlackElo "2408"]
[PlyCount "102"]
[EventDate "1971.10.01"]
[EventType "swiss"]
[EventRounds "5"]
[EventCountry "ENG"]

1. d4 Nf6 2. c4 g6 3. Nc3 d5 4. Nf3 Bg7 5. cxd5 Nxd5 6. Bd2 O-O 7. Rc1 Nb6 8.
e3 Nc6 9. Bb5 Bd7 10. O-O e5 11. dxe5 Nxe5 12. Nxe5 Bxe5 13. Bxd7 Qxd7 14. Qe2
Rad8 15. Rfd1 Qe7 16. Be1 c6 17. Qc2 Rxd1 18. Rxd1 Rd8 19. b3 Rxd1 20. Qxd1 Qa3
21. Qd8+ Qf8 22. Qxf8+ Kxf8 23. Ne4 Nd7 24. Bb4+ Kg7 25. f4 Bb2 26. Be7 f5 27.
Ng3 Nf6 28. Bxf6+ Kxf6 29. e4 fxe4 30. Nxe4+ Kf5 31. Nd6+ Kxf4 32. Nxb7 Ke4 33.
Na5 c5 34. Kf1 Kd3 35. Nc6 a6 36. Nb8 a5 37. Na6 Bd4 38. Nb8 Kc2 39. Ke2 Kb2
40. Nc6 Bc3 41. Kd3 Bb4 42. Kc4 Kxa2 43. Ne5 Kb2 44. g4 Kc2 45. Nd7 h5 46. gxh5
gxh5 47. h4 Be1 48. Nf6 Bc3 49. Nd7 (49. Nxh5 Be5 50. Kd5 Kxb3 51. Kxe5 a4)
49... Bd4 50. Nf8 Bf2 51. Ng6 Bg3 0-1

[Event "North Devon op"]
[Site "Barnstaple"]
[Date "1971.10.03"]
[Round "5"]
[White "Griffiths, Peter Charles"]
[Black "Hester, David A"]
[Result "0-1"]
[WhiteElo "2240"]
[BlackElo "2064"]
[PlyCount "84"]
[EventDate "1971.10.01"]
[EventType "swiss"]
[EventRounds "5"]
[EventCountry "ENG"]

1. d4 Nf6 2. c4 g6 3. Nc3 d5 4. Qb3 dxc4 5. Qxc4 Bg7 6. e4 c6 7. Nf3 O-O 8. Be2
b5 9. Qb3 a5 10. a3 Be6 11. Qc2 a4 12. O-O Bb3 13. Qb1 Nfd7 14. Be3 Nb6 15. Nd2
Bxd4 16. Bh6 Bg7 17. Bxg7 Kxg7 18. Nxb3 axb3 19. Rd1 N8d7 20. e5 Qc7 21. f4 Nc5
22. Ne4 Nxe4 23. Qxe4 Ra4 24. Qf3 f6 25. Rac1 Nc4 26. Bxc4 Rxc4 27. Rxc4 bxc4
28. Qc3 Rd8 29. Re1 Qb6+ 30. Kh1 Qd4 31. exf6+ exf6 32. Qb4 c5 33. Qb6 Rd6 34.
Qc7+ Rd7 35. Qc8 Qd2 36. Qe8 c3 37. bxc3 b2 38. g4 Rf7 39. Qe4 Qxc3 40. a4 c4
41. h4 Qxe1+ 42. Qxe1 Rb7 0-1

[Event "North Devon op"]
[Site "Barnstaple"]
[Date "1971.10.03"]
[Round "5"]
[White "Harding, Timothy David"]
[Black "Bennett, Gerald H"]
[Result "1-0"]
[WhiteElo "2080"]
[BlackElo "2240"]
[PlyCount "87"]
[EventDate "1971.10.01"]
[EventType "swiss"]
[EventRounds "5"]
[EventCountry "ENG"]

1. d4 Nf6 2. Nf3 e6 3. e3 Be7 4. Bd3 O-O 5. O-O b6 6. Nbd2 Bb7 7. Re1 c5 8. c3
d5 9. e4 dxe4 10. Nxe4 cxd4 11. Nxd4 Nbd7 12. Qc2 Nd5 13. Ng3 N7f6 14. Bg5 h6
15. Bd2 Nb4 16. cxb4 Qxd4 17. Bc3 Qd7 18. b5 Rac8 19. Rad1 Qc7 20. Qa4 Bd5 21.
Re3 Rfd8 22. Rde1 Rd7 23. Ne4 Ng4 24. Rg3 f5 25. Nd2 Bd6 26. Rxg4 fxg4 27. Qxg4
Bxh2+ 28. Kf1 Qf4 29. Qg6 Rf7 30. Re2 Bg3 31. Qh7+ Kf8 32. Qh8+ Ke7 33. Qxc8
Bxf2 34. Nf3 Bc5 35. Be5 Qc1+ 36. Re1 Rxf3+ 37. gxf3 Qxe1+ 38. Kxe1 Bb4+ 39.
Ke2 Bxf3+ 40. Kxf3 Bd6 41. Bxd6+ Kxd6 42. Qb8+ Kd5 43. Qxa7 Ke5 44. Qxb6 1-0

[Event "North Devon op"]
[Site "Barnstaple"]
[Date "1971.10.03"]
[Round "5"]
[White "Harman, Ronald FA"]
[Black "Waters, Peter J"]
[Result "0-1"]
[WhiteElo "2144"]
[BlackElo "2184"]
[PlyCount "70"]
[EventDate "1971.10.01"]
[EventType "swiss"]
[EventRounds "5"]
[EventCountry "ENG"]

1. e4 e5 2. Nf3 Nc6 3. Nc3 Nf6 4. d4 exd4 5. Nxd4 Nxe4 6. Nxe4 Qe7 7. f3 d5 8.
Nxc6 bxc6 9. Bd3 dxe4 10. fxe4 Qf6 11. Be3 Bd6 12. Qf3 Qxb2 13. O-O O-O 14.
Rab1 Qe5 15. Bf4 Qxf4 16. Qxf4 Bxf4 17. Rxf4 Be6 18. a4 Rfb8 19. Rff1 a5 20.
Kf2 Rb4 21. Rxb4 axb4 22. Ra1 Ra5 23. Ke3 Kf8 24. c4 c5 25. Be2 f6 26. Kd3 Ke7
27. Bd1 Kd6 28. Bb3 Kc6 29. Ke3 Kb6 30. Rd1 Ra8 31. e5 fxe5 32. Ke4 Re8 33. Rf1
Rd8 34. Kxe5 Re8 35. a5+ Ka6 0-1

[Event "North Devon op"]
[Site "Barnstaple"]
[Date "1971.10.03"]
[Round "5"]
[White "Maya, A"]
[Black "Gidman, TP"]
[Result "1-0"]
[WhiteElo "1832"]
[BlackElo "1888"]
[PlyCount "67"]
[EventDate "1971.10.01"]
[EventType "swiss"]
[EventRounds "5"]
[EventCountry "ENG"]

1. e4 e5 2. Nf3 Nc6 3. Bb5 Nd4 4. Nxd4 exd4 5. d3 c6 6. Ba4 Nf6 7. O-O d6 8. f4
Be7 9. Nd2 Bg4 10. Qe1 Qa5 11. Bb3 Qh5 12. e5 dxe5 13. fxe5 Nd5 14. Nc4 O-O-O
15. a4 f5 16. Nd6+ Bxd6 17. Bxd5 cxd5 18. exd6 Rhe8 19. d7+ Rxd7 20. Qa5 Re2
21. Qc5+ Rc7 22. Qf8+ Re8 23. Qd6 Rxc2 24. Bf4 Ree2 25. Qb8+ Kd7 26. Qxb7+ Ke8
27. Rae1 Rxe1 28. Rxe1+ Re2 29. Qa8+ Kf7 30. Qxd5+ Kf8 31. Bd6+ Ke8 32. Rxe2+
Bxe2 33. Qe6+ Kd8 34. Qe7+ 1-0

[Event "North Devon op"]
[Site "Barnstaple"]
[Date "1971.10.03"]
[Round "5"]
[White "Pye, FV"]
[Black "Graham, RJ"]
[Result "1/2-1/2"]
[WhiteElo "1392"]
[BlackElo "1760"]
[PlyCount "69"]
[EventDate "1971.10.01"]
[EventType "swiss"]
[EventRounds "5"]
[EventCountry "ENG"]

1. e4 e6 2. d4 d5 3. Nd2 c5 4. exd5 Qxd5 5. Ndf3 Nc6 6. c3 cxd4 7. cxd4 Nf6 8.
Ne2 Qa5+ 9. Nc3 Bb4 10. Bd2 O-O 11. a3 Bxc3 12. bxc3 Qc7 13. Bd3 Bd7 14. O-O
Na5 15. Qc2 Nc4 16. Bg5 h6 17. Bxf6 gxf6 18. Rfe1 Bc6 19. Nh4 Nd6 20. Re3 f5
21. Qd2 Kh7 22. Rae1 Rg8 23. Rh3 Qd8 24. Nf3 (24. Nxf5) 24... Qf6 25. Nh4 Rg4
26. g3 Rag8 27. Ng2 Ne4 28. Bxe4 Bxe4 29. Qe3 Bd5 30. Nf4 Bc6 31. Nh5 Qd8 32.
Qe5 R4g6 33. Nf4 R6g7 34. Nh5 Rg6 35. Nf4 1/2-1/2

[Event "North Devon op"]
[Site "Barnstaple"]
[Date "1971.10.03"]
[Round "5"]
[White "Taylor, Robert Graham"]
[Black "Hutchings, Stuart J"]
[Result "1-0"]
[WhiteElo "2080"]
[BlackElo "2296"]
[PlyCount "67"]
[EventDate "1971.10.01"]
[EventType "swiss"]
[EventRounds "5"]
[EventCountry "ENG"]

1. c4 Nf6 2. d4 c5 3. d5 e6 4. Nc3 exd5 5. cxd5 d6 6. e4 g6 7. Bf4 a6 8. a4 Bg7
9. Nf3 O-O 10. Be2 Re8 11. Nd2 Qc7 12. Qc2 Nbd7 13. O-O Ne5 14. h3 Rb8 15. Be3
Ned7 16. Rad1 c4 17. Nxc4 b5 18. axb5 axb5 19. Na3 b4 20. Ncb5 Qxc2 21. Nxc2
Ba6 22. Ncd4 Nxe4 23. Ra1 Ndc5 24. Rfe1 Bxb5 25. Bxb5 Bxd4 26. Bxd4 Rxb5 27. f3
f5 28. fxe4 fxe4 29. Ra7 Nb7 30. Be3 Nd8 31. Rc1 Nf7 32. Rcc7 Ne5 33. Rg7+ Kf8
34. Bh6 1-0

[Event "North Devon op"]
[Site "Barnstaple"]
[Date "1971.10.03"]
[Round "5"]
[White "Vaughan, David O"]
[Black "Wood, Baruch Harold"]
[Result "1-0"]
[WhiteElo "1992"]
[BlackElo "2192"]
[PlyCount "87"]
[EventDate "1971.10.01"]
[EventType "swiss"]
[EventRounds "5"]
[EventCountry "ENG"]

1. e4 c5 2. f4 Nc6 3. Nf3 g6 4. Nc3 Bg7 5. Bb5 e6 6. Bxc6 bxc6 7. d3 d5 8. e5
Ne7 9. O-O Ba6 10. b3 h5 11. Na4 Qa5 12. Bd2 Qb5 13. c4 Qb7 14. Nxc5 Qb6 15.
Be3 Rd8 16. Bf2 Qa5 17. b4 Qa3 18. Ne1 dxc4 19. Nc2 Qb2 20. Na4 Qxa1 21. Nxa1
cxd3 22. Nc5 Bc4 23. Ne4 Nf5 24. Qd2 O-O 25. Bc5 Rfe8 26. Nb3 Rd7 27. Bd6 Nxd6
28. Nxd6 Rxd6 29. exd6 Rd8 30. Rc1 Bb5 31. a4 Bxa4 32. Qxd3 Bf8 33. d7 Bxb4 34.
Nc5 Bb5 35. Qd6 Ba3 36. Qe7 Rxd7 37. Qxd7 Bxc1 38. Ne4 Be3+ 39. Kh1 Bxf4 40.
Qd8+ Kh7 41. Qf6 Bh6 42. Qxf7+ Bg7 43. Ng5+ Kh6 44. h4 1-0